White 2115, Palar, VVSimon - California Love - tekst - Statystyki

Ogólne statystyki
  • Ten quiz został rozwiązany 16 razy
  • Średni wynik to 200 z 403
Statystyki odpowiedzi
Hint Odpowiedź % Poprawnych
w
100%
z
100%
a
92%
Californi
92%
1 California
92%
Love
92%
love
92%
o
92%
sprawia
92%
że
92%
brzuchu
85%
Na
85%
na
85%
do
77%
patrzysz
77%
znów
77%
i
69%
ma
69%
mam
69%
motyle
69%
oczy
69%
ona
69%
to
69%
wie
69%
będę
62%
biały
62%
dopierdolone
62%
drugą
62%
głową
62%
głupoty
62%
jedną
62%
lej
62%
logiem
62%
nie
62%
Nie
62%
nogę
62%
pił
62%
rób
62%
robię
62%
sobie
62%
Szymonem
62%
t-shirt
62%
T-shirt
62%
Warszawie
62%
została
62%
bawi
54%
bawić
54%
bez
54%
chcę
54%
chce
54%
chodź
54%
Chodź
54%
dachu
54%
LA
54%
me
54%
nam
54%
nami
54%
robić
54%
się
54%
yeah
54%
domem
38%
Hollywoodzką
38%
jej
38%
jest
38%
koronę
38%
kupię
38%
nas
38%
oczy me
38%
poza
38%
czy
31%
daleko
31%
królowa
31%
przyniosą
31%
rooftop
31%
słówko
31%
u
31%
za
31%
zaraz
31%
ananas
23%
basenu
23%
błęki
23%
bo
23%
dla
23%
drinki
23%
ja
23%
mi
23%
mieście
23%
mnie
23%
mów
23%
naszczał
23%
palar
23%
pętli
23%
pół
23%
północ
23%
pusto
23%
raz
23%
słucham
23%
wódką
23%
wybije
23%
ziółko
23%
błagam
15%
byłem
15%
Ci
15%
dojść
15%
impreza
15%
najebany
15%
nic
15%
nigdy
15%
pływa
15%
porozumienia
15%
whiskey
15%
White
15%
wiem
15%
zdrady
15%
29
8%
Big
8%
bluzką
8%
butelki
8%
chcemy
8%
chciałbym
8%
City
8%
co
8%
czasu
8%
dnie
8%
dość
8%
Dziś
8%
dziś
8%
gotówką
8%
jak
8%
już
8%
King
8%
koszulce
8%
kurwom
8%
lat
8%
łóżko
8%
mówie
8%
mu
8%
Niebo
8%
niej
8%
oczu
8%
pierwszy
8%
piętrze
8%
pod
8%
podam
8%
przypomina
8%
pustej
8%
ręki
8%
roku
8%
rozkminiam
8%
Size
8%
tam
8%
tobą
8%
Twych
8%
widzi
8%
więcej
8%
wszystko
8%
wygląda
8%
wyjść
8%
zapomnę
8%
życiowym
8%
ale
0%
alkohole
0%
baby
0%
bana
0%
banał
0%
brzmi
0%
być
0%
cała
0%
chciałaby
0%
czasie
0%
dawno
0%
dnia
0%
dożyje
0%
folderu
0%
godzina
0%
hit
0%
impra
0%
inna
0%
jutra
0%
kotuś
0%
Life
0%
moja
0%
Najlepsza
0%
niewygrana
0%
odpisałem
0%
Paweł
0%
pijany
0%
pokój
0%
przykro
0%
skasował
0%
skromnym
0%
sprawa
0%
stanach
0%
wbićna
0%
willa
0%
wina
0%
wybrała
0%
wyjścia
0%
yrah
0%
Nie znaleziono quizów pasujących do podanych kryteriów
Rozkład punktacji
Procent ludzi z każdym wynikiem
Percentyl według liczby udzielonych odpowiedzi
Twoja historia wyników
Nie rozwiązałeś tego quizu